000 01685namaa2200361 i 4500
003 EG-GICUC
005 20260614153605.0
008 260614s2005 ua ||||jr|||| 000 0 ara d
017 _a2005 / 20733
_bدار الكتب والوثائق القومية (مصر)
040 _aEG-GiCUC
_bara
_cEG-GiCUC
_dEG-GiCUC
_erda
041 _aara
_hspa
082 0 4 _221
_a860.9
_bC313
092 0 4 _221
_a860.9
_bC313
099 _a860.9 C313
100 1 _a‪كاراسكو أورغويتي، ماريا سوليداد،
_eمؤلف.
240 1 _aEl Moro de Granada en la literatura
_lArabic
245 1 _aمسلم غرناطة فى الآداب الأوروبية :
_bبدءا من القرن الخامس عشر وحتى القرن التاسع عشر /
_cتأليف ماريا سوليداد كاراسكو أورغويتى ؛ ترجمة شرين محمود الرفاعى ؛ مراجعة وتقديم جمال عبد الرحمن
250 _aالطبعة الاولى
264 _aالقاهرة (مصر) :
_bالمجلس الاعلى للثقافة،
_c2005
300 _a؛ 496 صفحة
_b.
_c24 سم
336 _2rdacontent
_atext
337 _2rdamedia
_aUnmediated
338 _2rdacarrier
_avolume
490 _aالمشروع القومى للترجمة ؛
_v802
504 _a496-459 ببليوجرافيا: صفحات.
541 _aوزارة الثقافة ؛
_bالقاهرة ؛
_cإهداء ؛
_d2023.
650 1 7 _aالأدب الأسبانى
_xتاريخ ونقد
_2qrmak
651 1 _2qrmak
700 1 _aالرفاعى، شرين محمود
_eمترجم.
700 1 _aعبد الرحمن، جمال
_eمراجع.
905 _aHuda
942 _2ddc
_cBK
_e21
_n0
999 _c180534
_d180534